| 000 | 00723nam a2200169 i 4500 | ||
|---|---|---|---|
| 001 | 25138 | ||
| 003 | ES-MaACL | ||
| 005 | 20230906153211.0 | ||
| 007 | t| | ||
| 008 | 021220s1910 ve ||||1| spa d | ||
| 100 | 1 |
_aArcaya, Pedro Manuel. _922442 |
|
| 245 | 1 | 0 |
_aDiscursos leídos en la Academia Nacional de la Historia en la recepción pública del Sr. Dr. Pedro Manuel Arcaya el día 11 de diciembre de 1910 _b: [tema: La insurreción de los negros de la Serranía de Coro en 1795] / _cPedro Manuel Arcaya ; [contestación de Francisco Tosta García]. |
| 260 |
_aCaracas : _b[s.n.], _c1910 ( _fImp. Bolivar) |
||
| 300 |
_a58 p. ; _c23 cm. |
||
| 700 | 1 |
_aTosta García, Francisco. _9111104 |
|
| 852 |
_aES-MaACL _jT-1229-F-3 |
||
| 999 |
_c25138 _d25138 |
||